000 00538nam a2200193Ia 4500
005 20250923145247.0
008 008 250917s9999 xx 000 0 eng d
037 _aTextual
040 _aDSWL
_beng
_cDSWL
041 _aeng
_2eng
084 _aYx1,N6, N67;1
_qDSWL
245 0 _aSociology : An Introduction
_cEd. by Neil J. Smelser.
260 _aDelhi
_b Wiley Eastern Pvt. Ltd.
_c1967
300 _ax,744p.
365 _aINR
_b14.5
925 _g14.5
942 _cTEXL
_hYx1,N6, N67;1
999 _c1449125
_d1449125